| 000 | 01470cam a22003494a 4500 | ||
|---|---|---|---|
| 001 | 13765277 | ||
| 003 | OSt | ||
| 005 | 20211020152912.0 | ||
| 008 | 041028s2005 njua b 001 0 eng | ||
| 010 | _a 2004059083 | ||
| 020 | _a9780471649540 (cloth : alk. paper) | ||
| 038 | _aKhadija | ||
| 040 |
_aDLC _cDLC _dDLC |
||
| 042 | _apcc | ||
| 050 | 0 | 0 |
_aTA1637 _b.G68 2005 |
| 082 | 0 | 0 |
_a621.367 _222 _bGOS |
| 100 | 1 |
_aGoshtasby, Ardeshir. _983282 |
|
| 245 | 1 | 0 |
_a2-D and 3-D image registration for medical, remote sensing, and industrial applications / _cA. Ardeshir Goshtasby. |
| 260 |
_aHoboken, NJ : _bJ. Wiley & Sons, _cc2005. |
||
| 300 |
_axv, 258 p. : _bill. (some col.) ; _c25 cm. |
||
| 500 | _a"Wiley-Interscience publication." | ||
| 504 | _aIncludes bibliographical references and index. | ||
| 563 | _aHardcover | ||
| 650 | 0 |
_aImage registration. _983283 |
|
| 650 | 0 |
_aThree-dimensional display systems. _93207 |
|
| 856 | 4 | 1 |
_3Table of contents only _uhttp://www.loc.gov/catdir/toc/wiley051/2004059083.html |
| 856 | 4 | 2 |
_3Contributor biographical information _uhttp://www.loc.gov/catdir/enhancements/fy0618/2004059083-b.html |
| 856 | 4 | 2 |
_3Publisher description _uhttp://www.loc.gov/catdir/enhancements/fy0618/2004059083-d.html |
| 906 |
_a7 _bcbc _corignew _d1 _eocip _f19 _gy-gencatlg |
||
| 942 |
_2ddc _cBK |
||
| 999 |
_c32462 _d32462 |
||